000
00474nam a2200181Ia 4500
008
100917s9999 xx 000 0 und d
082
_b
30390
100
_a
यादवाडकर प्रकाश
245
_a
ऍगथा
260
_b
रंजना प्रकाशन
_c
1973
300
_a
140
365
_b
5
520
_a
कादंबरी
630
_a
ऍगथा
650
_a
कादंबरी
730
_a
ऍगथा
942
_c
BOOK
999
_c
635784
_d
635781